000 01701nam a2200457 i 4500
001 8340
003 KOSZ 005
005 20200820084557.0
008 071021s1969 pl a f 001 0 pol
015 _aPB 4841/69
040 _aWA N
_cWA N
_dKOSZ 005/RW
_dKOSZ 005/HR
041 1 _apol
_heng
046 _k1969
080 _a004.387
080 _a519.8
080 _a517
100 1 _aLevine, Leon
_eAutor
245 1 0 _aMetody stosowania maszyn analogowych do rozwiązywania problemów w technice /
_cLeon Levine ; tł. Janusz Tomaszewski, Ryszard Miklaszewski.
246 1 _iTyt. oryg.:
_aMethods for solving engineering problems using analog computers.
260 _aWarszawa :
_bWydawnictwa Naukowo-Techniczne,
_c1969.
300 _a566, [2] s. :
_bil. ;
_c25 cm.
336 _2rdacontent
_aTekst
_btxt
337 _2rdamedia
_aBez urządzenia pośredniczącego
_bn
338 _2rdacarrier
_aWolumin
_bnc
380 _aKsiążki
388 _a1901-2000
388 _a1945-1989
490 1 _aPrzetwarzanie Informacji i Maszyny Matematyczne.
504 _aBibliogr. s. [555]-561. Indeks.
650 4 _aKomputery analogowe
650 4 _aZastosowanie i wykorzystanie
650 4 _aProjektowanie
650 4 _aAnaliza matematyczna
658 _aInżynieria i technika
700 1 _aTomaszewski, Janusz
_eTłumaczenie
700 1 _aMiklaszewski, Ryszard J.
_eTłumaczenie
710 2 _aWydawnictwa Naukowo-Techniczne
_4pbl.
830 0 _aPrzetwarzanie Informacji i Maszyny Matematyczne
856 _uhttp://koha.tu.koszalin.pl/cgi-bin/koha/opac-detail.pl?biblionumber=8340
_yKatalog online BPK
942 _2UKD
_cKS
999 _c8340
_d8340